Loading...
| Fine Arts - Visual Fine Arts | 2 | 7 | 0 | 0 | 100 | 46 | 95.33 | 6 | 9 |
| Literature - World Literature | 2 | 7 | 1 | 0 | 95 | 66 | 94.22 | 8 | 9 |
| Fine Arts - Other Fine Arts | 3 | 5 | 0 | 1 | 95 | 34 | 96.88 | 6 | 8 |
| Literature - British Literature | 2 | 5 | 0 | 0 | 80 | 20 | 73.00 | 3 | 7 |
| Science - Physics | 0 | 7 | 0 | 2 | 70 | 82 | 102.14 | 2 | 6 |
| Literature - American Literature | 1 | 6 | 1 | 1 | 70 | 54 | 102.43 | 4 | 6 |
| Science - Biology | 0 | 7 | 1 | 1 | 65 | 84 | 107.71 | 4 | 7 |
| Fine Arts - Auditory Fine Arts | 0 | 6 | 0 | 1 | 60 | 85 | 97.83 | 5 | 6 |
| Religion | 0 | 6 | 0 | 2 | 60 | 80 | 111.50 | 3 | 6 |
| History - European History | 0 | 5 | 0 | 1 | 50 | 66 | 101.00 | 2 | 5 |
| Science - Other Science | 0 | 5 | 0 | 1 | 50 | 63 | 100.40 | 1 | 4 |
| Philosophy | 0 | 6 | 2 | 0 | 50 | 85 | 105.67 | 4 | 6 |
| Literature - European Literature | 0 | 4 | 2 | 1 | 30 | 82 | 103.25 | 3 | 3 |
| Science - Chemistry | 0 | 3 | 0 | 0 | 30 | 96 | 100.33 | 2 | 3 |
| Mythology | 0 | 3 | 1 | 1 | 25 | 99 | 113.00 | 2 | 2 |
| Social Science- Edited | 0 | 1 | 0 | 0 | 10 | 85 | 85.00 | 0 | 1 |
| Geography | 0 | 1 | 0 | 0 | 10 | 109 | 109.00 | 0 | 0 |
| History - World History | 0 | 1 | 0 | 1 | 10 | 129 | 129.00 | 0 | 1 |
| Other Academic | 0 | 1 | 0 | 0 | 10 | 109 | 109.00 | 0 | 1 |
| Pop Culture | 1 | 0 | 1 | 0 | 10 | 35 | 35.00 | 1 | 1 |
| Religion- Edited | 0 | 1 | 0 | 0 | 10 | 90 | 90.00 | 1 | 1 |
| History - American History | 0 | 1 | 1 | 0 | 5 | 93 | 93.00 | 0 | 1 |
| Popular Culture | 0 | 0 | 1 | 0 | -5 | 0.00 | 0 | 0 | |
| Social Science | 0 | 1 | 3 | 0 | -5 | 114 | 114.00 | 0 | 1 |
| Auditory Fine Arts (1900-1970) | 0 | 0 | 1 | 0 | -5 | 0.00 | 0 | 0 |